| 000 | 01031nam a2200217Ia 4500 | ||
|---|---|---|---|
| 003 | Ost | ||
| 005 | 20260507075538.0 | ||
| 008 | 260507s9999||||xx |||||||||||||| ||und|| | ||
| 020 | _a9773504199 | ||
| 040 | _cfsecg | ||
| 041 | _aara | ||
| 082 | _a330.12 | ||
| 100 |
_aأبو الوفا، عدلى _eمؤلف |
||
| 245 | 0 |
_aالنظام الاقتصادي العالمي و الاستراتيجيات الحديثة للتنمية / _c عدلى أبو الوفا |
|
| 260 |
_aالقاهرة: _bدار الكتاب الحديث, _c2008 |
||
| 300 |
_a298 صفحة؛ _bإيضاحات ؛ _c24 سم |
||
| 520 | _aيضم التعريف يالدكتور اسماعيل صبرى عبد الله، الكوكبة، توصيف الأوضاع العالمية المعاصرة، التنمية المستقلة محاولة لتحديد مفهوم مجهل، المواجهة العربية لإسرائيل | ||
| 653 | _aالنظام الإقتصادي العالمي | ||
| 653 | _aالنظم الإقتصادية | ||
| 942 | _cكتاب | ||
| 999 |
_c44848 _d44848 |
||